[Event "Edmonton CC Summer op"]
[Site "Edmonton CAN"]
[Date "1998.08.20"]
[Round "3"]
[White "Fullbrook, Nigel"]
[Black "Ottosen, David"]
[Result "1-0"]
[WhiteElo "2340"]
[BlackElo "2111"]
[PlyCount "59"]
[GameId "2160767911806522"]
[EventDate "1998.08.06"]
[EventType "swiss"]
[EventRounds "4"]
[EventCountry "CAN"]

1. d4 d5 2. c4 c6 3. Nc3 e6 4. e4 dxe4 5. Nxe4 Bb4+ 6. Nc3 Nf6 7. Nf3 c5 8. a3 cxd4 9. axb4 dxc3 10. Qxd8+ Kxd8 11. bxc3 Nbd7 12. c5 Ke7 13. Bf4 Ne4 14. Bd3 Nxc3 15. Bd6+ Kf6 16. g4 g6 17. h4 Nd5 18. Ra4 Re8 19. h5 e5 20. hxg6 hxg6 21. Rh7 Nf8 22. g5+ Ke6 23. Rg7 Nc3 24. Ra3 e4 25. Bc4+ Kf5 26. Rxf7+ Kg4 27. Rf4+ Kh3 28. Rh4+ Kg2 29. Rh2+ Kxf3 30. Be2# 1-0

[Event "Edmonton CC Summer op"]
[Site "Edmonton CAN"]
[Date "1998.08.27"]
[Round "4"]
[White "Lovi, Aaron"]
[Black "Ottosen, David"]
[Result "1/2-1/2"]
[WhiteElo "1771"]
[BlackElo "2111"]
[PlyCount "139"]
[GameId "2160767911806523"]
[EventDate "1998.08.06"]
[EventType "swiss"]
[EventRounds "4"]
[EventCountry "CAN"]

1. d4 Nf6 2. b3 g6 3. e3 Bg7 4. Bd3 c5 5. Bb2 O-O 6. Nf3 d5 7. Nbd2 b6 8. Ne5 Qc7 9. O-O Nbd7 10. f4 Nxe5 11. dxe5 Ng4 12. Qf3 Qd7 13. h3 Nh6 14. e4 Bb7 15. Rad1 d4 16. Qf2 f5 17. e6 Qc6 18. Rde1 Kh8 19. Nf3 Rad8 20. Ng5 fxe4 21. Bxe4 Qc7 22. Qh4 Bxe4 23. Rxe4 Rd5 24. Rfe1 Rxg5 25. Qxg5 Nf5 26. Bc1 Qc6 27. R4e2 Qe8 28. Qg4 h5 29. Qf3 Qb5 30. Qb7 d3 31. cxd3 Qxd3 32. Qe4 Bd4+ 33. Kh2 Qg3+ 34. Kh1 Qh4 35. Kh2 Qg3+ 36. Kh1 Qxe1+ 37. Rxe1 Ng3+ 38. Kh2 Nxe4 39. Rxe4 Kg7 40. g3 Kf6 41. Kg2 Rd8 42. Kf3 Rd6 43. g4 Rxe6 44. Rxe6+ Kxe6 45. Ke4 hxg4 46. hxg4 Bf6 47. f5+ gxf5+ 48. gxf5+ Kd6 49. Bf4+ Kc6 50. Be5 b5 51. Bf4 a5 52. Bd2 a4 53. bxa4 bxa4 54. Bf4 c4 55. Bc1 c3 56. Kd3 Kd5 57. Ba3 c2 58. Kxc2 Ke4 59. Bb4 Kxf5 60. Kd3 e5 61. Kc4 e4 62. a3 Kf4 63. Bd2+ Kf3 64. Kb5 Be5 65. Kxa4 Bf4 66. Bc3 e3 67. Kb3 e2 68. Kc2 Ke4 69. Be1 Kd4 70. a4 1/2-1/2

[Event "Edmonton CC Tag Team"]
[Site "Edmonton CAN"]
[Date "1998.07.09"]
[Round "2"]
[White "Ottosen, David"]
[Black "Brazeau, David"]
[Result "1-0"]
[WhiteElo "2116"]
[BlackElo "1775"]
[PlyCount "55"]
[GameId "2160767911872826"]
[EventDate "1998.07.02"]
[EventType "swiss"]
[EventRounds "5"]
[EventCountry "CAN"]

1. Nf3 Nf6 2. c4 e6 3. Nc3 d5 4. b3 dxc4 5. bxc4 b6 6. g3 Bb7 7. Bg2 Nbd7 8. O-O c5 9. a4 a5 10. Rb1 Bd6 11. Ba3 O-O 12. Re1 Qe7 13. e4 Rfd8 14. e5 Bxf3 15. exd6 Qxd6 16. Bxf3 Rab8 17. Qc2 Ne5 18. Be2 Qc6 19. Bb2 Nf3+ 20. Bxf3 Qxf3 21. Ne4 Nxe4 22. Rxe4 Rb7 23. Qc3 Qf6 24. Qxf6 gxf6 25. Bc3 Rbd7 26. Rxb6 f5 27. Re5 Rd3 28. Rxc5 1-0

[Event "Edmonton CC Tag Team"]
[Site "Edmonton CAN"]
[Date "1998.07.16"]
[Round "3"]
[White "Ficko, Brady"]
[Black "Ottosen, David"]
[Result "0-1"]
[WhiteElo "1981"]
[BlackElo "2116"]
[PlyCount "28"]
[GameId "2160767911872827"]
[EventDate "1998.07.02"]
[EventType "swiss"]
[EventRounds "5"]
[EventCountry "CAN"]

1. e4 c5 2. Nf3 Nc6 3. d4 cxd4 4. Nxd4 Nf6 5. Nc3 d6 6. Bg5 e6 7. Qd2 Be7 8. O-O-O O-O 9. f4 Nxd4 10. Qxd4 Qa5 11. Kb1 h6 12. Bh4 e5 13. fxe5 dxe5 14. Bxf6 exd4 0-1

[Event "Edmonton CC Tag Team"]
[Site "Edmonton CAN"]
[Date "1998.07.23"]
[Round "4"]
[White "Hughey, Micah"]
[Black "Ottosen, David"]
[Result "1-0"]
[WhiteElo "2061"]
[BlackElo "2116"]
[PlyCount "121"]
[GameId "2160767911872828"]
[EventDate "1998.07.02"]
[EventType "swiss"]
[EventRounds "5"]
[EventCountry "CAN"]

1. d4 g6 2. e4 Bg7 3. Nc3 d6 4. Nf3 Nd7 5. Bc4 c6 6. Bxf7+ Kf8 7. Ng5 Qa5 8. Bb3 Ndf6 9. Nf7 Nxe4 10. Qf3 Ngf6 11. Nxh8 Bxh8 12. O-O Bg4 13. Bh6+ Ke8 14. Qd3 Nxc3 15. Qxc3 Qh5 16. Bf4 Nd5 17. Qd2 Nxf4 18. Qxf4 Qf5 19. Qxf5 Bxf5 20. c3 Kd7 21. Rfe1 a5 22. a4 d5 23. Re2 Kd6 24. Rae1 Bf6 25. Bc2 Bd7 26. f3 b5 27. axb5 cxb5 28. g4 b4 29. Kg2 Rc8 30. cxb4 axb4 31. Bb3 h5 32. gxh5 gxh5 33. Rd1 Rg8+ 34. Kf2 Bh4+ 35. Ke3 Rf8 36. Rg1 Rf5 37. Rg6+ Bf6 38. Bc2 Rg5 39. Rg2 Rxg2 40. Rxg2 h4 41. Rg8 Kc7 42. f4 Kb7 43. Bd1 Be6 44. Re8 Kc7 45. Ra8 Bd7 46. Ra7+ Kd6 47. Rb7 h3 48. Rxb4 Bh4 49. Rb6+ Kc7 50. Rg6 Bf5 51. Rg8 Be6 52. Rg1 Kb6 53. Rg6 Bf6 54. Bg4 Bxg4 55. Rxg4 Kb5 56. Kd3 Kb4 57. Rg3 Kb3 58. Rxh3 Kxb2 59. Rh6 Bg7 60. Re6 Bf8 61. h4 1-0

[Event "Edmonton closed"]
[Site "Edmonton CAN"]
[Date "1998.01.08"]
[Round "1"]
[White "Ottosen, David"]
[Black "Grumic, Sasha"]
[Result "1-0"]
[WhiteElo "2092"]
[BlackElo "2220"]
[PlyCount "141"]
[GameId "2160767911874071"]
[EventDate "1998.01.08"]
[EventType "tourn"]
[EventRounds "7"]
[EventCountry "CAN"]

1. e4 d6 2. d4 Nf6 3. Nc3 g6 4. f4 Bg7 5. Nf3 O-O 6. Bd3 Na6 7. O-O c5 8. d5 Nc7 9. Ne2 b5 10. c3 e6 11. dxe6 Bxe6 12. Ng3 d5 13. e5 Ng4 14. f5 Nxe5 15. fxe6 fxe6 16. Nxe5 Rxf1+ 17. Nxf1 Bxe5 18. Qe2 Qd6 19. Bh6 c4 20. Bc2 Re8 21. Re1 Bf6 22. Qg4 Kf7 23. Ng3 e5 24. Rf1 Re6 25. Bg5 Ne8 26. Qh4 Kg8 27. Rd1 Qc5+ 28. Kh1 Qf2 29. Qg4 Kf7 30. Rc1 e4 31. Bxf6 Nxf6 32. Qe2 Qb6 33. Rf1 Kg7 34. Qf2 e3 35. Qf3 d4 36. cxd4 Qxd4 37. Qb7+ Kh6 38. Qf7 e2 39. Qxe6 exf1=Q+ 40. Nxf1 Qf2 41. Qe3+ Qxe3 42. Nxe3 Kg5 43. g3 Nd7 44. Kg2 Kf6 45. Ng4+ Ke6 46. Kf3 Kd5 47. Kf4 Kd4 48. h4 Nc5 49. Nf2 b4 50. Nd1 Nd3+ 51. Kg5 Ne1 52. Bb1 c3 53. bxc3+ bxc3 54. Nxc3 Kxc3 55. Be4 Kd4 56. Bc6 Ke5 57. Kh6 Kf6 58. Kxh7 Nd3 59. Be4 Ne5 60. Bb1 Kf7 61. Bc2 Kf6 62. Bd1 a5 63. g4 Kf7 64. Kh6 Kf6 65. g5+ Kf5 66. Bc2+ Kg4 67. Bxg6 Kxh4 68. Bh5 Nc4 69. g6 Nd6 70. Be2 Nf5+ 71. Kh7 1-0

[Event "Edmonton closed"]
[Site "Edmonton CAN"]
[Date "1998.01.15"]
[Round "2"]
[White "Hughey, Micah"]
[Black "Ottosen, David"]
[Result "0-1"]
[WhiteElo "2005"]
[BlackElo "2092"]
[PlyCount "100"]
[GameId "2160767911874072"]
[EventDate "1998.01.08"]
[EventType "tourn"]
[EventRounds "7"]
[EventCountry "CAN"]

1. d4 Nf6 2. Nf3 g6 3. Bg5 Bg7 4. Nbd2 d6 5. e4 O-O 6. Be2 Nbd7 7. c3 h6 8. Bh4 c5 9. O-O Qb6 10. Nc4 Qc7 11. e5 dxe5 12. dxe5 Ng4 13. Bxe7 Re8 14. Bd6 Qd8 15. Qd5 Ndxe5 16. Nfxe5 Nxe5 17. Rad1 Be6 18. Qxc5 Rc8 19. Qxa7 Nxc4 20. Be5 Qb6 21. Qxb6 Nxb6 22. Bxg7 Kxg7 23. Bf3 Re7 24. Rfe1 Rcc7 25. a3 Nc4 26. Re2 Rcd7 27. Rd4 Rxd4 28. cxd4 Rd7 29. h3 b6 30. b3 Nxa3 31. Ra2 Nb5 32. Bc6 Nc3 33. Rc2 Rc7 34. Rxc3 Bd5 35. Bxd5 Rxc3 36. Bc4 Rc1+ 37. Kh2 Rd1 38. d5 Kf6 39. Kg3 Ke5 40. Kf3 Kd6 41. Ke2 Ra1 42. h4 Kc5 43. d6 Ra7 44. Ke3 b5 45. Bd3 Rd7 46. f4 Rxd6 47. f5 Kb4 48. fxg6 fxg6 49. g3 Rxd3+ 50. Kxd3 Kxb3 0-1

[Event "Edmonton closed"]
[Site "Edmonton CAN"]
[Date "1998.01.22"]
[Round "3"]
[White "Ottosen, David"]
[Black "Trikha, Ravi"]
[Result "1-0"]
[WhiteElo "2092"]
[BlackElo "2016"]
[PlyCount "73"]
[GameId "2160767911874073"]
[EventDate "1998.01.08"]
[EventType "tourn"]
[EventRounds "7"]
[EventCountry "CAN"]

1. e4 c5 2. Nf3 e6 3. Qe2 Nc6 4. g3 g6 5. Bg2 Bg7 6. O-O Nge7 7. d3 d5 8. c3 d4 9. c4 e5 10. Na3 h6 11. Nc2 Bg4 12. h3 Be6 13. a3 a5 14. Bd2 Bxc4 15. dxc4 d3 16. Qd1 dxc2 17. Qxc2 O-O 18. Rad1 Qc7 19. Be3 Nd4 20. Bxd4 cxd4 21. Qa4 Nc6 22. Ne1 f5 23. Nd3 Kh7 24. Nc5 Qe7 25. Qb5 Rf6 26. exf5 gxf5 27. Qxb7 Qxb7 28. Nxb7 Rb8 29. Bxc6 Rxc6 30. Nxa5 Rc5 31. b4 Rcc8 32. c5 Bf8 33. Nc4 Bxc5 34. Nxe5 Bxb4 35. axb4 Rxb4 36. Nf3 Rd8 37. Rd3 1-0

[Event "Edmonton closed"]
[Site "Edmonton CAN"]
[Date "1998.01.29"]
[Round "4"]
[White "Newton, Geoff"]
[Black "Ottosen, David"]
[Result "0-1"]
[WhiteElo "2046"]
[BlackElo "2092"]
[PlyCount "116"]
[GameId "2160767911874074"]
[EventDate "1998.01.08"]
[EventType "tourn"]
[EventRounds "7"]
[EventCountry "CAN"]

1. e4 d5 2. exd5 Nf6 3. d4 Bg4 4. Be2 Bxe2 5. Qxe2 Qxd5 6. Nf3 Nc6 7. Nc3 Qh5 8. Be3 O-O-O 9. O-O e6 10. a3 Bd6 11. b4 Nd5 12. Qd2 g5 13. b5 g4 14. Nxd5 gxf3 15. Bf4 Qg4 16. Bg3 Nxd4 17. Ne3 Ne2+ 18. Kh1 Nxg3+ 19. fxg3 fxg2+ 20. Qxg2 Qg5 21. Nc4 Qxb5 22. Nxd6+ Rxd6 23. Rxf7 Qd5 24. Qxd5 exd5 25. Re1 Rc6 26. Re2 b5 27. Kg2 Kb7 28. Kf2 Kb6 29. Ke1 Rc3 30. Kd2 Rxa3 31. Ree7 c6 32. Rb7+ Kc5 33. Rxa7 Rxa7 34. Rxa7 h5 35. Rf7 Rg8 36. Rh7 Rg5 37. Rh6 b4 38. Kd3 Kb5 39. Rh8 Rf5 40. Rh7 c5 41. Rb7+ Kc6 42. Rh7 c4+ 43. Kd4 Rf2 44. Rh6+ Kb5 45. Rxh5 Rd2+ 46. Ke3 Rxc2 47. Rxd5+ Ka4 48. Rc5 b3 49. Rc8 b2 50. Rb8 Rxh2 51. Kd4 Rc2 52. g4 c3 53. Kc4 Ka5 54. Kc5 Ka6 55. Kc6 Ka7 56. Rb7+ Ka8 57. Kc7 Re2 58. Rb3 Re7+ 0-1

[Event "Edmonton closed"]
[Site "Edmonton CAN"]
[Date "1998.02.05"]
[Round "5"]
[White "Ottosen, David"]
[Black "Ficko, Brady"]
[Result "1-0"]
[WhiteElo "2092"]
[BlackElo "1932"]
[PlyCount "57"]
[GameId "2160767911874075"]
[EventDate "1998.01.08"]
[EventType "tourn"]
[EventRounds "7"]
[EventCountry "CAN"]

1. d4 Nf6 2. c4 c5 3. d5 e6 4. Nc3 exd5 5. cxd5 d6 6. e4 g6 7. Bd3 Bg7 8. h3 O-O 9. Nf3 Re8 10. O-O c4 11. Bc2 b5 12. Nxb5 Nxe4 13. Re1 Qb6 14. Nbd4 Nf6 15. Rxe8+ Nxe8 16. Qe2 Nc7 17. Qxc4 Ba6 18. Qa4 Bb7 19. Bb3 Nxd5 20. Qe8+ Bf8 21. Ng5 Qc7 22. Nde6 Qe7 23. Qxf8+ Qxf8 24. Nxf8 Kxf8 25. Nxh7+ Kg7 26. Ng5 Nd7 27. Ne4 Re8 28. Nxd6 Re1+ 29. Kh2 1-0

[Event "Edmonton closed"]
[Site "Edmonton CAN"]
[Date "1998.02.12"]
[Round "6"]
[White "Dean, Tim"]
[Black "Ottosen, David"]
[Result "1-0"]
[WhiteElo "1886"]
[BlackElo "2092"]
[PlyCount "55"]
[GameId "2160767911874076"]
[EventDate "1998.01.08"]
[EventType "tourn"]
[EventRounds "7"]
[EventCountry "CAN"]

1. e4 c5 2. Nf3 Nc6 3. d4 cxd4 4. Nxd4 e5 5. Nb5 d6 6. N5c3 Be6 7. Be2 Nf6 8. Bg5 Be7 9. Bxf6 Bxf6 10. Nd5 Bg5 11. Nbc3 O-O 12. O-O f5 13. exf5 Bxf5 14. Bg4 Nd4 15. Bxf5 Rxf5 16. Ne4 Rf8 17. c3 Nf5 18. Qb3 Rf7 19. Nc7 d5 20. Nxg5 Qxg5 21. Nxa8 Qd8 22. Rad1 d4 23. Rfe1 Qxa8 24. Rxe5 g6 25. Rde1 Nd6 26. Qd5 Qf8 27. Re7 Nf5 28. Re8 1-0

[Event "Edmonton closed"]
[Site "Edmonton CAN"]
[Date "1998.02.19"]
[Round "7"]
[White "Ottosen, David"]
[Black "Dewindt, Cor"]
[Result "1-0"]
[WhiteElo "2092"]
[BlackElo "1690"]
[PlyCount "49"]
[GameId "2160767911874077"]
[EventDate "1998.01.08"]
[EventType "tourn"]
[EventRounds "7"]
[EventCountry "CAN"]

1. e4 d5 2. exd5 Nf6 3. Bb5+ Bd7 4. Bc4 c6 5. dxc6 Nxc6 6. Nf3 e6 7. d4 g6 8. Nc3 Qc7 9. Bg5 Bg7 10. Bb3 O-O 11. Qd2 Ne7 12. O-O-O Bc6 13. h4 Bxf3 14. gxf3 Nh5 15. Bh6 Bxh6 16. Qxh6 Qf4+ 17. Qxf4 Nxf4 18. Ne4 Rad8 19. c3 Nc6 20. Kb1 Na5 21. Bc2 Rd5 22. Nf6+ Kg7 23. Nxd5 exd5 24. h5 Nxh5 25. Rxh5 1-0

[Event "Edmonton op"]
[Site "Edmonton CAN"]
[Date "1998.03.26"]
[Round "4"]
[White "Hughey, Micah"]
[Black "Grumic, Sasha"]
[Result "0-1"]
[WhiteElo "1999"]
[BlackElo "2149"]
[PlyCount "69"]
[GameId "2160767911873688"]
[EventDate "1998.03.25"]
[EventType "swiss"]
[EventRounds "4"]
[EventCountry "CAN"]

1. e4 c5 2. c3 d6 3. d4 Nc6 4. g3 Nf6 5. Bg2 Bg4 6. f3 Bh5 7. Ne2 Qb6 8. Na3 Rd8 9. b3 e6 10. Bb2 Be7 11. Qd2 O-O 12. h4 cxd4 13. cxd4 d5 14. e5 Bb4 15. Nc3 Nxd4 16. exf6 e5 17. g4 Qxf6 18. gxh5 Nxf3+ 19. Bxf3 d4 20. Qg2 dxc3 21. Bc1 c2+ 22. Ke2 e4 23. Bxe4 Rfe8 24. Nxc2 Qc6 25. Be3 Rxe4 26. Kf1 Rde8 27. Rg1 Qa6+ 28. Kf2 Bc3 29. Rad1 R4e6 30. Nd4 Rf6+ 31. Nf3 g6 32. a4 Qe6 33. Rd3 Qxb3 34. Rgd1 Qc2+ 35. Kg3 0-1

[Event "February TNT"]
[Site "Winnipeg CAN"]
[Date "1998.02.03"]
[Round "1"]
[White "Barg, Andrew"]
[Black "Weijs, Harry"]
[Result "1-0"]
[WhiteElo "1790"]
[BlackElo "1586"]
[PlyCount "89"]
[GameId "2160767911873944"]
[EventDate "1998.02.03"]
[EventType "swiss"]
[EventRounds "4"]
[EventCountry "CAN"]

1. e4 d5 2. d4 dxe4 3. Nc3 e5 4. Be3 Bb4 5. Qd2 Nf6 6. Bc4 Nc6 7. d5 Na5 8. Bb5+ c6 9. dxc6 Qxd2+ 10. Bxd2 bxc6 11. Ba4 O-O 12. Nxe4 Bxd2+ 13. Nxd2 Be6 14. Ngf3 e4 15. Nd4 Bd5 16. b4 Nc4 17. Nxc4 Bxc4 18. Nxc6 a6 19. Ne5 Bb5 20. Bb3 Ra7 21. c4 Be8 22. O-O Re7 23. f4 exf3 24. Nxf3 Bc6 25. Rad1 Rfe8 26. Nd4 Bd7 27. Nf5 Bxf5 28. Rxf5 Ng4 29. Rf3 Ne3 30. Re1 Kf8 31. c5 Ng4 32. Rxe7 Rxe7 33. h3 Re1+ 34. Rf1 Rxf1+ 35. Kxf1 Ne5 36. Ke2 h5 37. Ke3 f6 38. a4 Ke7 39. b5 axb5 40. axb5 g5 41. Bd5 Nd7 42. Kd4 Ne5 43. b6 Nd7 44. b7 Nb8 45. Ke4 1-0

[Event "February TNT"]
[Site "Winnipeg CAN"]
[Date "1998.02.03"]
[Round "1"]
[White "Ford, Stephen"]
[Black "Wierda, John"]
[Result "0-1"]
[WhiteElo "1603"]
[BlackElo "1821"]
[PlyCount "64"]
[GameId "2160767911873945"]
[EventDate "1998.02.03"]
[EventType "swiss"]
[EventRounds "4"]
[EventCountry "CAN"]

1. e4 d6 2. d4 g6 3. f4 Bg7 4. Nf3 c5 5. c3 Qb6 6. Na3 Bg4 7. Nc4 Qc6 8. d5 Qc7 9. Bd3 Nf6 10. O-O Nbd7 11. h3 Bxf3 12. Qxf3 O-O 13. Re1 b5 14. Ne3 Rfb8 15. Bd2 a5 16. Nc2 c4 17. Be2 Nb6 18. Nd4 Na4 19. Rab1 Nd7 20. Nc6 Re8 21. Bd1 Nac5 22. Bc2 Nb8 23. e5 Nxc6 24. dxc6 dxe5 25. fxe5 Bxe5 26. Bh6 Ra6 27. Qd5 Bh2+ 28. Kh1 Rxc6 29. Qd4 e5 30. Qf2 e4 31. Be3 Nd3 32. Bxd3 Bg3 0-1

[Event "February TNT"]
[Site "Winnipeg CAN"]
[Date "1998.02.03"]
[Round "1"]
[White "Hassain, Mahmud"]
[Black "Milord, Frank"]
[Result "1-0"]
[WhiteElo "1919"]
[BlackElo "1700"]
[PlyCount "63"]
[GameId "2160767911873946"]
[EventDate "1998.02.03"]
[EventType "swiss"]
[EventRounds "4"]
[EventCountry "CAN"]

1. e4 c5 2. Nf3 Nc6 3. d4 cxd4 4. Nxd4 Nf6 5. Nc3 e5 6. Ndb5 d6 7. Bg5 a6 8. Na3 b5 9. Nd5 Be7 10. Nxe7 Nxe7 11. Bxf6 gxf6 12. c4 Qa5+ 13. Qd2 Qxd2+ 14. Kxd2 b4 15. Nc2 Nc6 16. Ne3 Be6 17. f4 exf4 18. Nd5 Bxd5 19. exd5 Ne5 20. Bd3 Rg8 21. Rhg1 Rc8 22. b3 f3 23. g3 Kd8 24. Raf1 Kc7 25. Rf2 Rg4 26. Bf5 Rd4+ 27. Ke3 Ng4+ 28. Kxd4 Nxf2 29. Bxc8 Kxc8 30. Rf1 Ng4 31. Rxf3 Nxh2 32. Rxf6 1-0

[Event "February TNT"]
[Site "Winnipeg CAN"]
[Date "1998.02.10"]
[Round "2"]
[White "Guenther, Don"]
[Black "Schulz, Waldemar"]
[Result "0-1"]
[WhiteElo "1712"]
[BlackElo "2025"]
[PlyCount "48"]
[GameId "2160767911873947"]
[EventDate "1998.02.03"]
[EventType "swiss"]
[EventRounds "4"]
[EventCountry "CAN"]

1. Nf3 Nf6 2. g3 g6 3. Bg2 Bg7 4. d4 O-O 5. O-O d5 6. c3 c5 7. Re1 Nc6 8. Na3 Ne4 9. Nc2 a5 10. Ng5 Nxg5 11. Bxg5 cxd4 12. Nxd4 Nxd4 13. cxd4 Re8 14. Qd2 Qb6 15. Bxd5 Bxd4 16. e4 e6 17. Bc4 Qxb2 18. Qxb2 Bxb2 19. Rab1 Bd4 20. Bb5 Kf8 21. Bxe8 Kxe8 22. Red1 e5 23. Kg2 f5 24. f3 Rb8 0-1

[Event "February TNT"]
[Site "Winnipeg CAN"]
[Date "1998.02.10"]
[Round "2"]
[White "Milord, Frank"]
[Black "Weijs, Harry"]
[Result "0-1"]
[WhiteElo "1700"]
[BlackElo "1586"]
[PlyCount "62"]
[GameId "2160767911873948"]
[EventDate "1998.02.03"]
[EventType "swiss"]
[EventRounds "4"]
[EventCountry "CAN"]

1. e4 d5 2. exd5 Nf6 3. d4 Bg4 4. f3 Bf5 5. Bb5+ Nbd7 6. c4 e6 7. dxe6 Bb4+ 8. Nc3 fxe6 9. Nge2 c6 10. Ba4 O-O 11. Bb3 c5 12. O-O a6 13. Be3 Qe7 14. Bc2 Bxc2 15. Qxc2 cxd4 16. Nxd4 Nh5 17. Ne4 e5 18. Ne2 Nf4 19. N2g3 Rac8 20. Kh1 Rc6 21. a3 Ba5 22. b4 Bd8 23. Rad1 Rh6 24. Ne2 Qh4 25. Bg1 Nxg2 26. Kxg2 Qh3+ 27. Kh1 Rxf3 28. Qc1 Bh4 29. Ng5 Bxg5 30. Qxg5 Rxf1 31. Qd8+ Nf8 0-1

[Event "February TNT"]
[Site "Winnipeg CAN"]
[Date "1998.02.10"]
[Round "2"]
[White "Trueman, Francis"]
[Black "Ford, Stephen"]
[Result "0-1"]
[WhiteElo "1483"]
[BlackElo "1603"]
[PlyCount "64"]
[GameId "2160767911873949"]
[EventDate "1998.02.03"]
[EventType "swiss"]
[EventRounds "4"]
[EventCountry "CAN"]

1. Nf3 Nf6 2. d3 d6 3. e4 e5 4. g3 Bg4 5. h3 Bxf3 6. Qxf3 Nbd7 7. Nd2 g6 8. Bg2 Bg7 9. O-O c6 10. Re1 O-O 11. c3 Re8 12. Nf1 Nc5 13. Bg5 Ne6 14. Be3 Qc7 15. Rad1 Nd7 16. Nh2 Re7 17. Ng4 Kh8 18. Bh6 Bxh6 19. Nxh6 Kg7 20. Ng4 h5 21. Nh2 Qb6 22. h4 Nf6 23. Bh3 Qxb2 24. Bxe6 fxe6 25. d4 Qxa2 26. g4 Rf8 27. Qg3 hxg4 28. dxe5 dxe5 29. Qxe5 Kh7 30. Ra1 Qxf2+ 31. Kh1 g3 32. Qg5 Qxh2# 0-1

[Event "February TNT"]
[Site "Winnipeg CAN"]
[Date "1998.02.10"]
[Round "2"]
[White "Wierda, John"]
[Black "Hassain, Mahmud"]
[Result "0-1"]
[WhiteElo "1821"]
[BlackElo "1919"]
[PlyCount "102"]
[GameId "2160767911873950"]
[EventDate "1998.02.03"]
[EventType "swiss"]
[EventRounds "4"]
[EventCountry "CAN"]

1. e4 c5 2. c3 Nf6 3. e5 Nd5 4. d4 cxd4 5. Bc4 Nb6 6. Bb3 dxc3 7. Nxc3 Nc6 8. Nf3 e6 9. O-O d5 10. exd6 Bxd6 11. Nb5 Be7 12. Qe2 O-O 13. Rd1 Nd5 14. Bxd5 exd5 15. Bf4 Be6 16. Nc7 Rc8 17. Nxe6 fxe6 18. Qxe6+ Kh8 19. Be3 Nb4 20. Ne5 Qe8 21. Bxa7 Rf6 22. Qd7 Qxd7 23. Nxd7 Rd6 24. Ne5 Kg8 25. a3 Nc2 26. Rac1 Bg5 27. Be3 Bxe3 28. fxe3 Rb6 29. Rd2 Re8 30. Rdxc2 Rxe5 31. Rf2 Rc6 32. Rxc6 bxc6 33. Rf3 c5 34. Kf2 Re6 35. Ke2 Rb6 36. b4 cxb4 37. axb4 Rxb4 38. h3 Rb2+ 39. Kf1 Rd2 40. Rf4 g6 41. h4 Kg7 42. Rf2 Rxf2+ 43. Kxf2 Kf6 44. Ke2 h6 45. Kd2 Kf5 46. Kd3 Ke5 47. g4 g5 48. h5 Ke6 49. e4 Ke5 50. exd5 Kxd5 51. Ke3 Ke5 0-1

[Event "February TNT"]
[Site "Winnipeg CAN"]
[Date "1998.02.17"]
[Round "3"]
[White "Hassain, Mahmud"]
[Black "Barg, Andrew"]
[Result "0-1"]
[WhiteElo "1919"]
[BlackElo "1790"]
[PlyCount "78"]
[GameId "2160767911873951"]
[EventDate "1998.02.03"]
[EventType "swiss"]
[EventRounds "4"]
[EventCountry "CAN"]

1. Nf3 d5 2. g3 c5 3. Bg2 Nf6 4. Ne5 e6 5. c4 Nbd7 6. f4 Bd6 7. Nf3 O-O 8. O-O Rb8 9. Nc3 a6 10. cxd5 exd5 11. d4 b5 12. dxc5 Bxc5+ 13. e3 Nb6 14. Nd4 Re8 15. Nc6 Qd6 16. Nxb8 Bg4 17. Bf3 Bxf3 18. Rxf3 Qxb8 19. Ne2 Nc4 20. Nd4 Qb6 21. Nc2 Ng4 22. b4 Bxe3+ 23. Bxe3 Ngxe3 24. Qd4 Nxc2 25. Qxb6 Nxb6 26. Rc1 Ne3 27. Rc7 g6 28. Ra7 d4 29. Kf2 Nbc4 30. Ke2 Nf5+ 31. Kd3 Nb2+ 32. Kd2 d3 33. Rf2 Nd6 34. Rg2 Ndc4+ 35. Kc3 d2 36. Rxd2 Nxd2 37. Kxd2 Nc4+ 38. Kd3 Re6 39. a4 Nb2+ 0-1

[Event "February TNT"]
[Site "Winnipeg CAN"]
[Date "1998.02.17"]
[Round "3"]
[White "Schulz, Waldemar"]
[Black "Ford, Stephen"]
[Result "1-0"]
[WhiteElo "2025"]
[BlackElo "1603"]
[PlyCount "91"]
[GameId "2160767911873952"]
[EventDate "1998.02.03"]
[EventType "swiss"]
[EventRounds "4"]
[EventCountry "CAN"]

1. Nf3 Nf6 2. g3 d5 3. Bg2 c5 4. O-O Nc6 5. d4 Bf5 6. c4 e6 7. Nc3 h6 8. Qa4 Qd7 9. Rd1 cxd4 10. cxd5 exd5 11. Nxd4 Be6 12. Nxe6 fxe6 13. e4 d4 14. e5 Ng4 15. Bxc6 Qxc6 16. Qxc6+ bxc6 17. Rxd4 Nxe5 18. Re4 Bd6 19. Bf4 Nf3+ 20. Kg2 Bxf4 21. Kxf3 Bc7 22. Rxe6+ Kd7 23. Re2 Rhf8+ 24. Kg2 Bb6 25. Rd1+ Kc8 26. f4 Rf7 27. Ne4 Kc7 28. Rc2 Re7 29. Nc3 Kb7 30. Rcd2 Rc8 31. Na4 Rce8 32. Nxb6 axb6 33. Rd7+ Kc8 34. Rxe7 Rxe7 35. Kf3 Kc7 36. Rd2 g5 37. f5 h5 38. h4 Rf7 39. g4 gxh4 40. Kf4 hxg4 41. Kxg4 h3 42. Rh2 Kd6 43. Rxh3 Ke5 44. Re3+ Kd5 45. Re2 c5 46. Kg5 1-0

[Event "February TNT"]
[Site "Winnipeg CAN"]
[Date "1998.02.17"]
[Round "3"]
[White "Weijs, Harry"]
[Black "Guenther, Don"]
[Result "1/2-1/2"]
[WhiteElo "1586"]
[BlackElo "1712"]
[PlyCount "83"]
[GameId "2160767911873953"]
[EventDate "1998.02.03"]
[EventType "swiss"]
[EventRounds "4"]
[EventCountry "CAN"]

1. d4 Nf6 2. Nf3 g6 3. Bg5 Bg7 4. Nbd2 O-O 5. e4 d6 6. c3 c6 7. Bc4 Qc7 8. a4 e5 9. dxe5 dxe5 10. Qc2 Nbd7 11. b4 Re8 12. O-O Nf8 13. Rfe1 Ne6 14. Bh4 Nh5 15. Ng5 Nhf4 16. Re3 h6 17. Nxe6 Bxe6 18. Bf1 g5 19. Bg3 Rad8 20. Nf3 Rd6 21. Rd1 Red8 22. Rxd6 Rxd6 23. h4 g4 24. Ne1 Qd7 25. Nd3 Nxd3 26. Rxd3 Rxd3 27. Qxd3 f5 28. exf5 Bxf5 29. Qxd7 Bxd7 30. f3 Kf7 31. Bf2 gxf3 32. gxf3 e4 33. c4 exf3 34. Bxa7 Bf6 35. Bf2 Kg6 36. Bd3+ Kh5 37. Be4 Bg4 38. b5 Bxh4 39. Be3 f2+ 40. Bxf2 Bxf2+ 41. Kxf2 cxb5 42. cxb5 1/2-1/2

[Event "February TNT"]
[Site "Winnipeg CAN"]
[Date "1998.02.24"]
[Round "4"]
[White "Barg, Andrew"]
[Black "Schulz, Waldemar"]
[Result "1-0"]
[WhiteElo "1790"]
[BlackElo "2025"]
[PlyCount "45"]
[GameId "2160767911873954"]
[EventDate "1998.02.03"]
[EventType "swiss"]
[EventRounds "4"]
[EventCountry "CAN"]

1. e4 c5 2. Nf3 e6 3. d4 cxd4 4. Nxd4 Nf6 5. Nc3 d6 6. Bg5 a6 7. f4 Be7 8. Be2 Nc6 9. Qd2 O-O 10. Bf3 Qc7 11. g4 h6 12. Nxc6 bxc6 13. h4 Rb8 14. Bxf6 Bxf6 15. g5 Bxc3 16. bxc3 e5 17. f5 Kh7 18. Rg1 Qb6 19. Rg3 Bb7 20. Kf1 a5 21. Kg2 d5 22. Kh3 Rg8 23. Rag1 1-0

[Event "February TNT"]
[Site "Winnipeg CAN"]
[Date "1998.02.24"]
[Round "4"]
[White "Weijs, Harry"]
[Black "Trueman, Francis"]
[Result "1-0"]
[WhiteElo "1586"]
[BlackElo "1483"]
[PlyCount "91"]
[GameId "2160767911873955"]
[EventDate "1998.02.03"]
[EventType "swiss"]
[EventRounds "4"]
[EventCountry "CAN"]

1. d4 Nf6 2. Nf3 c5 3. d5 g6 4. Bg5 Bg7 5. Nc3 h6 6. Bxf6 Bxf6 7. e4 d6 8. Bb5+ Nd7 9. Qe2 Bxc3+ 10. bxc3 a6 11. Bxd7+ Bxd7 12. Rb1 b5 13. O-O c4 14. Qd2 e5 15. dxe6 Bxe6 16. Nd4 Qf6 17. f4 Bd7 18. e5 dxe5 19. Rbe1 O-O-O 20. fxe5 Qb6 21. Rxf7 Be6 22. Rf6 Rhe8 23. Qf2 Qc5 24. Rxg6 Rf8 25. Rf6 Bg8 26. Rc6+ Qxc6 27. Qxf8 Qxg2+ 28. Kxg2 Rxf8 29. Kh3 Bd5 30. Re2 Rg8 31. e6 Bb7 32. Nf5 Kc7 33. Kh4 h5 34. h3 Bc6 35. Ne7 Bf3 36. Re3 Rf8 37. Ng6 Rf6 38. Kg5 Rxg6+ 39. Kxg6 Bc6 40. Kxh5 Kd8 41. Kg5 Ke8 42. h4 Kf8 43. h5 Kg7 44. h6+ Kh7 45. Re5 Be8 46. Rc5 1-0